Pensar el derecho como derecho virtual

Detalles Bibliográficos
Autor principal: Carreǫ Dueąs, Dalia
Formato: eBook
Lenguaje:español
Publicado: Bogot:̀ Universidad Catl̤ica de Colombia, 2016
Materias:
Acceso en línea:Acceso restringido

MARC

LEADER 00000nam a22000007a 4500
005 2018103006566.0
007 cr|||| ||||
008 181030s2016 co |||||s|||| 00||0 spa d
020 |a 978-958-8934-20-4 
035 |a 22101 
040 |a vLex 
090 |c 8227  |d 8227 
100 1 |a Carreǫ Dueąs, Dalia 
245 1 0 |a Pensar el derecho como derecho virtual  |h [Recurso electrn̤ico] /  |c Dalia Carreǫ Dueąs 
256 |a Servicio en ln̕ea 
260 |a Bogot:̀  |b Universidad Catl̤ica de Colombia,  |c 2016 
300 |a 1 recurso electrn̤ico 
506 1 |a Disponible solo en los productos indicados  |d vLex Global  |d vLex Global (Academic Edition, excluding Law Schools)  |d vLex Global (U.S. Academic Edition, Law Schools)  |d vLex Global (U.S. Academic Edition, excluding Law Schools)  |d vLex Global (Academic Edition, Law Schools) 
650 0 4 |a Derecho de las Nuevas Tecnologa̕s  |z Colombia 
740 0 |a vLex Libros (Servicio en ln̕ea) 
856 4 0 |u http://vlex.com/source/pensar-derecho-derecho-virtual-22101  |z Acceso restringido 
942 |c BOOK 
999 0 |a Right of New Technologies